Caricamento...
Divas ave jayanthiyam/
| Autore principale: | |
|---|---|
| Natura: | Printed Book |
| Pubblicazione: |
Madura:
Jawahar Pusthakalaya,
2011.
|
| LEADER | 00376 a2200109 4500 | ||
|---|---|---|---|
| 100 | |a Pyarelal Sharma | ||
| 245 | |a Divas ave jayanthiyam/ |c Pyarelal Sharma and Nathuram Rathod | ||
| 260 | |a Madura: |b Jawahar Pusthakalaya, |c 2011. | ||
| 300 | |a 238p. | ||
| 942 | |2 ddc |c BK | ||
| 999 | |c 240934 |d 240934 | ||
| 952 | |0 0 |1 0 |4 0 |7 0 |9 267421 |a HIN |b HIN |c ST1 |d 2011-10-25 |i 21951 |l 0 |p HIN21951 |r 2014-02-07 |w 2014-02-07 |y BK | ||